| 000 | 00774nam a2200217Ia 4500 | ||
|---|---|---|---|
| 005 | 20140527152623.0 | ||
| 008 | 131103s9999 xx 000 0 und d | ||
| 020 |
_a9788125027317 _c695.00 |
||
| 040 | _aLoreto College | ||
| 041 | _aEnglish | ||
| 082 |
_a330.954 _bKUM |
||
| 245 | 4 |
_aThe Cambridge Economic History of India _b Volume II c. 1757-2003 _cEdited by Dharma Kumar with the editorial assistance of Meghnad Desai. Introduction by Sabyasachi Bhattacharya |
|
| 260 |
_aNew Delhi _bOrient Blackswan Private Limited _c2010 |
||
| 300 | _axli,1115p | ||
| 504 | _aIncludes bibliographical references and index | ||
| 650 | _aIndian economy-1757-2003 | ||
| 650 | _aHistory-India,economic-1757-2003 | ||
| 700 |
_aKumar, Dharma _4ed. |
||
| 850 | _aLCLIB | ||
| 942 | _cBK | ||
| 999 |
_c39272 _d89751 |
||